Helias Sports - Statistics

General Stats
  • This quiz has been taken 15 times
  • The average score is 9 of 15
Answer Stats
Answer % Correct
Basketball
100%
Football
100%
Baseball
75%
Golf
75%
Soccer
75%
Softball
75%
Tennis
75%
Track and field
75%
Dance
50%
Volleyball
50%
Wrestling
50%
Archery
25%
Cheerleading
25%
Cross Country
25%
Esports
25%
No matching quizzes found
Score Distribution
Percent of People with Each Score
Percentile by Number Answered
Your Score History
You have not taken this quiz